Polozapomenuté postavy ekonomického myšlení – J. C. L. S. Sismondi

Život a dielo historika a ekonóma Jean Charles Léonard Simonde de Sismondisa

Na minha lista:
Detalhes bibliográficos
Autor principal: Sirůček, Pavel
Formato: Capítulo de Livro
Idioma:tcheco
Tags: Adicionar Tag
Sem tags, seja o primeiro a adicionar uma tag!

MARC

LEADER 00000naa a2200000 4500
001 0233492
005 20220722092000.4
041 0 |a cze 
044 |a CZ 
245 1 0 |a Polozapomenuté postavy ekonomického myšlení – J. C. L. S. Sismondi  |c Pavel Sirůček 
520 |a Život a dielo historika a ekonóma Jean Charles Léonard Simonde de Sismondisa 
100 1 |a Sirůček, Pavel